Statistics for Cities with a Chinese Consulate (with map)

Click here to take the quiz!

General Stats

  • This quiz has been taken 60 times
  • The average score is 62 of 98

Answers on the Map

Answers color-coded by a green-red scale on the quiz's map according to % correct below.
 

Answer Stats

CountryConsulate% Correct
United StatesNew York
93%
GermanyFrankfurt
91%
VietnamHo Chi Minh City
91%
CanadaMontreal
91%
JapanOsaka
91%
CanadaToronto
91%
South KoreaBusan
88%
United Arab EmiratesDubai
88%
TurkeyIstanbul
88%
AustraliaMelbourne
88%
IndiaMumbai
88%
BrazilRio De Janeiro
88%
BrazilSao Paulo
88%
RussiaSt Petersburg
88%
AustraliaSydney
88%
CanadaVancouver
88%
EgyptAlexandria
86%
United StatesChicago
86%
IndiaKolkata
86%
NigeriaLagos
86%
AustraliaPerth
86%
United StatesSan Francisco
86%
SpainBarcelona
84%
South AfricaCape Town
84%
GermanyHamburg
84%
United StatesLos Angeles
84%
United KingdomManchester
84%
ItalyMilan
84%
GermanyMunich
84%
AustraliaBrisbane
81%
United KingdomEdinburgh
81%
United StatesHouston
81%
Saudi ArabiaJeddah
81%
FranceLyon
81%
FranceMarseille
81%
JapanSapporo
81%
AustraliaAdelaide
79%
CanadaCalgary
79%
PakistanKarachi
79%
JapanNagoya
79%
KazakhstanAlmaty
77%
New ZealandAuckland
77%
South AfricaJohannesburg
77%
SwitzerlandZurich
77%
SwedenGothenburg
74%
PakistanLahore
74%
UkraineOdessa
74%
RussiaVladivostok
72%
RussiaYekaterinburg
72%
South AfricaDurban
70%
IndonesiaDenpasar
67%
GermanyDusseldorf
67%
IndonesiaSurabaya
67%
JapanFukuoka
65%
EcuadorGuayaquil
65%
PhilippinesCebu
63%
New ZealandChristchurch
63%
BrazilRecife
63%
YemenAden
60%
United KingdomBelfast
60%
PolandGdansk
60%
TurkeyIzmir
60%
FranceStrasbourg
60%
IraqErbil
58%
ThailandChiang Mai
56%
VietnamDa Nang
56%
South KoreaJeju
53%
BoliviaSanta Cruz
53%
ItalyFlorence
51%
PhilippinesDavao
49%
CameroonDouala
49%
ColombiaBarranquilla
47%
MyanmarMandalay
47%
MalaysiaPenang
47%
MexicoTijuana
47%
RussiaKazan
44%
JapanNagasaki
44%
IndonesiaMedan
42%
TanzaniaZanzibar
42%
JapanNiigata
33%
South KoreaGwangju
30%
RussiaKhabarovsk
30%
Equatorial GuineaBata
28%
RussiaIrkutsk
28%
LaosLuang Prabang
28%
KyrgyzstanOsh
26%
NetherlandsWillemstad, Curaçao
26%
ChileIquique
21%
MalaysiaKota Kinabalu
21%
FranceSaint-Denis, Réunion
21%
MalaysiaKuching
19%
North KoreaChongjin
14%
FrancePapeete, French Polynesia
14%
MadagascarTamatave
14%
ThailandKhon Kaen
12%
PhilippinesLaoag
12%
MongoliaZamyn-Uud
12%
ThailandSongkhla
9%

Score Distribution

Percentile by Number Answered

Percent of People with Each Score

Your Score History

You have not taken this quiz